Get the Picture: Male Friends Quiz Stats

 Plays Quiz Updated Jun 11, 2019

Score 0/15 Timer 02:00
11 Plays Today
Question Answer Wrong Answers
Whose catchphrase is How you doin?'? Joey Tribbiani
95.2%
Chandler Bing
1.1%
Ross Geller
0.9%
Who works as a paleontologist? Ross Geller
93.9%
Joey Tribbiani
1.4%
Chandler Bing
1.7%
Who played Dr. Drake Ramoray on the TV show Days of Our Lives? Joey Tribbiani
93.3%
Chandler Bing
2%
Ross Geller
1.6%
Who has a son named Ben? Ross Geller
92.8%
Joey Tribbiani
1.8%
Chandler Bing
2.4%
Who has seven sisters? Joey Tribbiani
89.4%
Chandler Bing
4.9%
Ross Geller
2.8%
Who had a monkey named Marcel as a pet? Ross Geller
88.9%
Joey Tribbiani
5.7%
Chandler Bing
2.4%
Whose father has a drag show in Las Vegas called Viva Las Gaygas? Chandler Bing
86.9%
Joey Tribbiani
7.2%
Ross Geller
2.8%
Who had an on-again, off-again relationship with Janice? Chandler Bing
86.9%
Joey Tribbiani
4.2%
Ross Geller
5.8%
Whose job gets relocated to Tulsa, Oklahoma? Chandler Bing
86.3%
Joey Tribbiani
3.3%
Ross Geller
7.4%
Who became ordained as a minister over the internet? Joey Tribbiani
85%
Chandler Bing
6.8%
Ross Geller
5.1%
Whose middle name is Muriel? Chandler Bing
81.3%
Joey Tribbiani
5%
Ross Geller
10.6%
Who dressed up as a holiday armadillo once? Ross Geller
78.3%
Joey Tribbiani
12.3%
Chandler Bing
6.3%
Who claims to have studied karate for years? Ross Geller
74.6%
Joey Tribbiani
15.1%
Chandler Bing
7.2%
Who refuses to celebrate Thanksgiving in the traditional way? Chandler Bing
73.1%
Joey Tribbiani
11.7%
Ross Geller
12%
Whose favorite book is Stephen King's The Shining? Joey Tribbiani
55.8%
Chandler Bing
21.6%
Ross Geller
19.6%

Today's Daily Dose

Missing Word
Banned Books (A-Z)

Word Ladder
Janis Joplin

Get the Picture
Occupations

You're not logged in!

Compare scores with friends on all Sporcle quizzes.
OR
Log In

Sporcle TV

Today on Sporcle TV


Watch our educational content, quiz creation guides, and fun videos on Sporcle TV.

Show Comments

Extras

Top Quizzes Today


Score Distribution

Your Account Isn't Verified!

In order to create a playlist on Sporcle, you need to verify the email address you used during registration. Go to your Sporcle Settings to finish the process.

Report this User

Report this user for behavior that violates our Community Guidelines.

Details: